Cuaderno de viaje : (Registro nro. 4082)
[ vista simple ]
| 000 -LEADER | |
|---|---|
| fixed length control field | 01102nam a2200265Ia 4500 |
| 003 - CONTROL NUMBER IDENTIFIER | |
| control field | OSt |
| 005 - DATE AND TIME OF LATEST TRANSACTION | |
| control field | 20200918165701.0 |
| 008 - FIXED-LENGTH DATA ELEMENTS--GENERAL INFORMATION | |
| fixed length control field | 191128s1994 ck co gr 001 0 spa d |
| 020 ## - INTERNATIONAL STANDARD BOOK NUMBER | |
| International Standard Book Number | 9789586162206 |
| 040 ## - CATALOGING SOURCE | |
| Original cataloging agency | CO-JMCR |
| Transcribing agency | CO-JMCR |
| 041 0# - LANGUAGE CODE | |
| Language code of text/sound track or separate title | spa |
| -- | ger |
| -- | ita |
| 082 04 - DEWEY DECIMAL CLASSIFICATION NUMBER | |
| Classification number | 914.3 / |
| Item number | R436c |
| 100 1# - MAIN ENTRY--PERSONAL NAME | |
| Personal name | Restrepo Piedrahita, Carlos, |
| Relator term | autor |
| 9 (RLIN) | 442 |
| 245 10 - TITLE STATEMENT | |
| Title | Cuaderno de viaje : |
| Remainder of title | tras las huellas de Nietzsche y Maquiavelo / |
| Statement of responsibility, etc. | Carlos Restrepo Piedrahita |
| 250 ## - EDITION STATEMENT | |
| Edition statement | Segunda edición |
| 260 ## - PUBLICATION, DISTRIBUTION, ETC. | |
| Place of publication, distribution, etc. | Bogotá : |
| Name of publisher, distributor, etc. | Universidad Externado de Colombia, |
| Date of publication, distribution, etc. | 1994 |
| 300 ## - PHYSICAL DESCRIPTION | |
| Extent | 166 páginas : |
| Other physical details | fotografías y retratos a blanco y negro y a color ; |
| Dimensions | 24 cm. |
| 500 ## - GENERAL NOTE | |
| General note | Incluye índice fotográfico y onomástico e Incluye notas a pie de página. |
| 505 0# - FORMATTED CONTENTS NOTE | |
| Formatted contents note | Itinerario -- Redescubrimiento de la piedra Nietzsche -- En el monte de los olivos -- Selecta |
| 546 ## - LANGUAGE NOTE | |
| Language note | Texto en español, alemán e italiano |
| 600 1# - SUBJECT ADDED ENTRY--PERSONAL NAME | |
| Personal name | Nietzsche, Friedrich Wilhelm |
| Chronological subdivision | 1844-1900 |
| 9 (RLIN) | 10542 |
| 651 #4 - SUBJECT ADDED ENTRY--GEOGRAPHIC NAME | |
| Geographic name | Alemania |
| General subdivision | descripciones y viajes |
| 9 (RLIN) | 10543 |
| 651 #4 - SUBJECT ADDED ENTRY--GEOGRAPHIC NAME | |
| Geographic name | Italia |
| General subdivision | descripciones y viajes |
| 9 (RLIN) | 10544 |
| 942 ## - ADDED ENTRY ELEMENTS (KOHA) | |
| Source of classification or shelving scheme | Dewey Decimal Classification |
| Koha item type | Books |
| Withdrawn status | Lost status | Source of classification or shelving scheme | Materials specified (bound volume or other part) | Damaged status | Not for loan | Collection code | Home library | Current library | Shelving location | Date acquired | Source of acquisition | Cost, normal purchase price | Total Checkouts | Total Renewals | Full call number | Barcode | Date last seen | Date last checked out | Copy number | Koha item type | Price effective from |
|---|---|---|---|---|---|---|---|---|---|---|---|---|---|---|---|---|---|---|---|---|---|
| Dewey Decimal Classification | Donación--28/08/2018-- | Non-fiction | Biblioteca Pública José María del Castillo y Rada | Biblioteca Pública José María del Castillo y Rada | Processing Center | 08/28/2018 | Donación | 0.00 | 1 | 1 | 914.3 / R436c | 201808880 | 05/16/2024 | 12/13/2019 | Ej.1 | Books | |||||
| Dewey Decimal Classification | Donación--28/08/2018-- | Non-fiction | Biblioteca Pública José María del Castillo y Rada | Biblioteca Pública José María del Castillo y Rada | Processing Center | 08/28/2018 | Donación | 0.00 | 914.3 / R436c | 201808881 | 05/16/2024 | Ej.2 | Books | 02/11/2020 |